000 00375nam a2200145Ia 4500
008 150201s2006 xx 000 0 und d
082 _a617.6
_bO2006O
100 _aOXFORD
245 _aOXFORD HAND BOOK OF CLINICAL DENTISTRY
250 _a4TH
260 _bOXFORD MEDICAL PUBLICATIONS
_aOXFORD
_c2006
300 _a1-798
650 _aGENERAL DENTISTRY
942 _2ddc
_cBK
_01
999 _c4018
_d4018